Loading...

Content and consciousness

Bibliographic Details
Main Author: Dennett, Daniel C.
Format: Printed Book
Language:English
Published: London: Routledge 2012
Subjects:
LEADER 00583 a2200169 4500
008 131116b xxu||||| |||| 00| 0 eng d
020 |a 9780415567862 
082 |a 128.2 
100 |a Dennett, Daniel C. 
245 |a Content and consciousness  |c Daniel C Dennett 
260 |c 2012  |b Routledge  |a London: 
300 |a xxii,241p. ;  |c 20 cm 
650 |a Content(psychology) 
650 |a Consciousness 
942 |2 ddc  |c BK 
999 |c 100266  |d 100266 
952 |0 0  |1 0  |4 0  |6 128_200000000000000_DEN_C  |7 0  |9 99951  |a UL  |b UL  |c ST1  |d 2013-06-07  |e 2  |g 288.35  |l 3  |m 3  |o 128.2 DEN/C  |p 89039  |r 2021-10-25  |s 2021-04-21  |v 395.00  |y BK